[Event "1st Guwahati GM Open 2022"]
[Site "Guwahati"]
[Date "2022.03.15"]
[Round "3.5"]
[White "Mayank Chakraborty"]
[Black "Iniyan, P."]
[Result "0-1"]
[WhiteElo "2164"]
[BlackElo "2516"]
[Annotator "TA"]
[PlyCount "214"]
[EventDate "2022.03.15"]
[EventCountry "IND"]
[SourceTitle "playchess.com"]
[Source "ChessBase"]
[SourceQuality "1"]

{[%evp 9,214,17,12,19,33,7,23,17,20,16,17,13,33,7,12,17,10,10,21,14,19,13,25,31,36,41,26,34,25,-35,-31,-30,-30,-26,0,0,0,0,0,0,0,0,0,-12,0,0,0,-3,0,0,0,0,0,0,0,0,0,0,0,0,0,0,0,0,0,0,0,0,0,0,0,0,0,0,0,0,0,0,0,0,0,0,5,-8,-8,-8,-8,-8,-8,-8,-8,-8,-8,-8,-8,-70,-68,-73,-8,-14,-14,-26,-22,-75,-75,-79,-53,-53,-52,-168,-20,-43,-43,-43,-43,-43,-44,-32,-14,-17,-8,-8,-8,-8,-8,-239,-241,-219,-267,-716,-716,-709,-709,-750,-716,-702,-68,-68,-68,-68,-68,-68,-68,-68,-68,-68,-68,-68,-68,-68,-68,-68,-68,-74,-74,-74,-74,-74,-68,-68,-68,-74,-74,-74,-74,-74,-74,-74,-68,-68,-68,-74,-74,-74,-68,-68,-68,-68,-68,-68,-68,-68,-68,-68,-68,-68,-68,-68,-68,-68,-68,-68,-68,-68,-68,-68,-68,-70,-74,-75,-75,-29984,-29985,-29987,-29979,-29988,-29989]} 1. e4 c5 2. Nf3 d6 3. Bb5+ Nd7 4. O-O a6 5. Bd3 Ngf6 {[%cal Bg8f6,Bf6h5,Bh5f4][%mdl 32]} 6. Re1 {B51: Sicilian: Moscow Variation (3 Bb5+) without 3...Bd7.} e5 {[#]} 7. c4 $146 ({Predecessor:} 7. c3 Be7 8. Bc2 O-O 9. d4 b6 10. d5 Ne8 11. c4 g6 12. Nc3 Ng7 13. Nd2 {1-0 (49) Abdusattorov,N (2634)-Sunilduth Lyna,N (2624) Chess.com INT 2021}) 7... g6 8. Nc3 {White has an edge.} Bg7 9. Bc2 O-O 10. Rb1 Nh5 11. Nd5 Ndf6 12. b4 Nxd5 13. cxd5 c4 14. d3 cxd3 15. Bxd3 Nf4 16. Bf1 Bg4 17. h3 Bd7 18. Bxf4 exf4 19. e5 (19. Qd2 $11) 19... dxe5 $15 20. Nxe5 Bf5 {This bishop pair is nice.} 21. Bd3 {Bxf5 is the strong threat.} Qxd5 22. Bxf5 Qxd1 23. Rbxd1 {And now Bd7 would win.} gxf5 24. Nd7 Rfe8 25. Rxe8+ Rxe8 $11 {[%mdl 4096] Endgame KRB-KRN} 26. Nc5 Bc3 27. a3 Re7 28. Rd3 Be5 29. Kf1 f6 30. Ke2 a5 31. Kf3 axb4 32. axb4 Kf7 33. Rd8 Rc7 34. Nd3 Ke7 (34... Rc3 $5 35. Ke2 Rc2+ 36. Kf3 Kg6 $11) 35. Rh8 Kd6 36. Rd8+ Rd7 37. Rc8 Ke7 38. Nc5 Rd2 39. Rh8 Bd4 {[%csl Gd4][%cal Rd2f2]} 40. Rxh7+ Kd6 {[%csl Gd4][%cal Rd2f2]} 41. Kxf4 b6 42. Nb7+ Kd5 43. f3 ({Don't go for} 43. Rd7+ $2 Kc6 44. Rg7 Rxf2+ 45. Kg3 f4+ 46. Kh4 Be5 47. Nd8+ Kb5 $19) 43... Rxg2 44. Rd7+ Kc4 45. Kxf5 Rg5+ 46. Kf4 Be5+ 47. Ke4 Rh5 48. Nd6+ Kxb4 49. Nf5 {Prevents Rh4+.} Rxh3 50. f4 Bb2 51. Rb7 Kb5 52. Kd5 (52. Ne3 $11) 52... Rd3+ $1 $15 53. Ke6 Kc6 {Prevents Rc7+.} (53... Bc1 $1 $17 54. Rf7 Bxf4 55. Rxf6 Rd8) 54. Rb8 Kc7 55. Ra8 b5 56. Ne7 (56. Ra7+ $11 {remains equal.} Kb6 57. Ra8) 56... Rd6+ $1 $17 57. Kf5 Kb7 (57... Rd4 $5 {[%cal Rb5b4]} 58. Rc8+ Kd7 $17) 58. Ra5 Kb6 59. Ra8 ({White has to play} 59. Ra2 $15 Rd2 60. Ng8) 59... Rd3 ({Black should play} 59... Kc5 $1 $19 {Threatens to win with ...b4.} 60. Rc8+ Kb4 61. Nc6+ Ka4 62. Ra8+ Kb3 63. Na5+ Kb4) 60. Rb8+ Kc5 61. Rc8+ Kb4 62. Ke6 {To avoid Rd6+} Re3+ 63. Kf7 {aiming for Nd5+.} Re4 64. f5 Kb3 65. Rb8 b4 66. Nd5 Rc4 67. Rb7 $2 (67. Rb6 $1 $11) 67... Bd4 $1 $19 68. Nxf6 Rc5 $1 {To avoid Nd5} 69. Nd7 $2 (69. Ne4 Rxf5+ 70. Kg6) 69... Rxf5+ 70. Ke6 Rf4 $1 71. Nb8 {[#]} Kc3 $1 ({Weaker is} 71... Kc4 72. Nc6 $15) 72. Rc7+ Kb2 $2 (72... Kd3 $19 73. Nc6 b3) 73. Nc6 $1 $15 b3 74. Na5 $1 Rf6+ 75. Ke7 Rh6 {White must now prevent ...Rh7+. Black is more active.} 76. Nxb3 Kxb3 {KRB-KR} 77. Rd7 Kc4 78. Ke8 Be5 79. Re7 Kd5 80. Rd7+ Bd6 81. Rf7 Rh8+ 82. Kd7 Be5 83. Ke7 Ra8 84. Kd7 $1 Ra6 85. Re7 Bf6 {( -> ...Ra7+)} 86. Rf7 Rd6+ 87. Kc7 Rc6+ 88. Kd7 Be5 89. Ke7 Ra6 90. Kd7 Bf6 91. Ke8 Ke6 {[%cal Ra6a8]} 92. Re7+ $1 Kf5 93. Rb7 Rd6 94. Rd7 Re6+ 95. Kf7 Be5 96. Re7 Rh6 97. Rd7 Bd6 98. Kg7 Rg6+ 99. Kf7 $1 Rf6+ 100. Kg7 Bf8+ 101. Kg8 Ke6 {Inhibits Rf7.} 102. Rb7 Bd6 103. Rg7 Be5 {Hoping for ...Rf3.} 104. Kh7 Rf1 105. Rg8 $2 {[%mdl 8192] [#]} (105. Rg6+ $17 Bf6 106. Rg3) 105... Kf5 $1 {[%cal Rf1h1] Black mates.} 106. Re8 Rh1+ 107. Kg8 Kf6 {Weighted Error Value: White=0.11 (very precise) /Black=0.09 (flawless)} 0-1

[Event "1st Guwahati GM Open 2022"]
[Site "Guwahati"]
[Date "2022.03.15"]
[Round "3.6"]
[White "Mosadeghpour, Masoud"]
[Black "Priyanka, Kumari"]
[Result "1-0"]
[WhiteElo "2511"]
[BlackElo "1910"]
[Annotator "TA"]
[PlyCount "59"]
[EventDate "2022.03.15"]
[EventCountry "IND"]
[SourceTitle "playchess.com"]
[Source "ChessBase"]
[SourceQuality "1"]

{[%evp 15,59,18,21,0,0,6,13,0,0,15,29,24,54,36,36,37,62,72,76,6,134,139,131,120,140,143,367,368,655,647,647,643,637,585,568,509,1064,982,5385,2136,5381,5269,29986,1518,1477,1183]} 1. e4 c5 2. Nf3 d6 3. d4 cxd4 4. Nxd4 Nf6 5. Nc3 a6 6. Be2 e5 7. Nb3 Be7 8. Be3 Be6 9. g4 {B92: Sicilian Najdorf: 6 Be2.} h6 10. h4 d5 11. exd5 {The position is equal.} Nxd5 12. Nxd5 Bxd5 13. Bf3 {[%cal Be2f3,Bf3g2,Bg2e4,Be4b7,Bb7a8][%mdl 32]} e4 14. Bg2 {[#]} Nc6 $146 ({Predecessor:} 14... a5 15. Nd2 O-O 16. Nxe4 Ra6 17. Qe2 Qc7 18. g5 Bb4+ 19. c3 Bxc3+ 20. Nxc3 Bxg2 {0-1 (32) Jarmula,L (2483)-Rakotomaharo,F (2429) Germany 2019}) 15. Qd2 Ne5 16. O-O-O $1 Bxb3 17. Qc3 (17. axb3 $16 {And now Qc3 would win.} Qxd2+ 18. Rxd2) 17... Qc8 (17... Nd3+ $1 $11 {remains equal.} 18. Kb1 Bd5) 18. Qxb3 $16 Nxg4 19. Bxe4 Nxe3 20. Bxb7 (20. Qxe3 O-O $14) 20... Qc5 $2 {Loses the game.} (20... Qe6 $16 {might work better.} 21. Rd3 (21. Bxa8 Qxb3 22. axb3 Nxd1 $14) (21. Qxe3 Qxe3+ 22. fxe3 Ra7 $16) 21... Rd8) 21. Bxa8 $18 {Dancing on a razor blade.} Nxd1 $2 (21... O-O) 22. Qb8+ {[%mdl 64] [#] Skewer} ({Stronger than} 22. Rxd1 O-O 23. Bd5 Bxh4 $11) 22... Bd8 {[%cal Oe8g8] Hoping for ...0-0!} 23. Rxd1 {[%csl Gd1][%cal Rb8d8]} Ke7 24. Rd5 {Threatening mate with Qe5+.} Qb6 25. Qe5+ Qe6 (25... Kf8 $142 26. Bc6 Be7) 26. Qg3 Qe1+ 27. Rd1 Qe6 {To avoid Qd6+} 28. Qa3+ Ke8 29. Qa4+ (29. Qc5 $142 f5 30. Bc6+ Kf7 31. Bd5 Re8 32. Bxe6+ Rxe6 33. Rxd8 Kg6 34. Qf8) 29... Ke7 30. Qb4+ {Weighted Error Value: White=0.16 (very precise) /Black=0.86} 1-0

[Event "1st Guwahati GM Open 2022"]
[Site "Guwahati"]
[Date "2022.03.15"]
[Round "3.7"]
[White "Mahindrakar Indrajeet"]
[Black "Fawzy, Adham"]
[Result "1/2-1/2"]
[WhiteElo "2059"]
[BlackElo "2476"]
[Annotator "TA"]
[PlyCount "88"]
[EventDate "2022.03.15"]
[EventCountry "IND"]
[SourceTitle "playchess.com"]
[Source "ChessBase"]
[SourceQuality "1"]

{[%evp 10,88,0,0,0,-5,16,2,2,0,0,19,12,-41,-41,-40,-32,-46,-58,-67,-64,-54,-39,-59,-35,-35,-12,-27,-22,-33,0,-29,44,16,59,62,72,24,71,-35,-33,-58,-70,-58,-52,-54,-48,-47,-54,-89,-71,-91,-91,-127,-126,-120,-132,-294,-306,-298,-302,-456,-449,-1759,-1716,-12835,-12835,-2451,-897,-808,-788,-29992,-29993,-29993,-29992,-29992,-29993,-29993,-29990,-29994,-29991]} 1. e4 {[%cal Be2e4,Be4e5][%mdl 32]} c5 2. c3 Nf6 3. e5 Nd5 4. d4 cxd4 5. Qxd4 e6 6. Bd3 Nc6 {B22: Sicilian: 2 c3.} 7. Qe4 g6 8. Nf3 Bg7 {[#] The position is equal.} 9. Na3 $146 ({Predecessor:} 9. O-O O-O 10. Na3 f6 11. exf6 Nxf6 12. Qh4 Nh5 13. Bg5 Bf6 14. Bxf6 Qxf6 15. Nc4 Qxh4 16. Nxh4 {0-1 (60) Gratton,D-Boldrin,M (1914) Nova Gorica 2004}) 9... d6 {[%cal Rd6e5]} 10. Bg5 Qd7 {[%cal Rd6e5]} 11. Nc4 ({Better is} 11. exd6 $11 O-O 12. O-O) 11... O-O $1 $15 {...dxe5 is the strong threat.} 12. Nxd6 {[#]} Nxe5 $1 {[%mdl 64] Remove Defender} 13. Nxe5 (13. Nxc8 Nxd3+) 13... Qxd6 14. Nc4 Qc5 {[%cal Od5c3]} 15. Qh4 b5 16. Nd2 Bb7 {[%cal Od5c3]} (16... f6 $5 {[%cal Rf6g5]} 17. Bh6 e5 $15) 17. O-O Qc6 18. Nf3 e5 19. Rfe1 Rfe8 {[%cal Od5c3]} (19... f6 $5 {[%cal Rf6g5]} 20. Bd2 Rfd8 $11) 20. Rad1 {[#]} Nf6 ({Black should play} 20... Nxc3 $1 $11 21. bxc3 e4) 21. Bf1 Nd7 (21... Ne4 $11) 22. Bh6 Bf6 23. Ng5 {White is more active.} ({White should try} 23. Qb4 $16 a6 24. Rd6) 23... Nc5 (23... a6 $11) 24. Re3 (24. Qg3 $16) 24... Rad8 25. Rde1 {[#]} Nd3 $1 26. Rb1 Nf4 {[%cal Rf4g2]} 27. Qg3 Bg7 28. Bxg7 Kxg7 29. Rbe1 ({Not} 29. Rxe5 $2 Rxe5 30. Qxf4 Qf6 31. Qxf6+ Kxf6 $19) 29... f6 30. Nf3 a6 $36 {[%mdl 2048] White is under strong pressure.} 31. Qh4 g5 32. Qg3 Bc8 {aiming for ...Nh5.} 33. h4 $2 {This move loses the game for White.} (33. h3 $17) 33... Nh5 $19 34. Qh2 g4 35. Nxe5 (35. Ng5 {was worth a try.}) 35... fxe5 36. Rxe5 (36. g3 $142) 36... g3 37. fxg3 Rxe5 38. Rxe5 {[#]} Qb6+ (38... Rd1 $142 $1 39. Rg5+ Kf7) 39. Kh1 {[#]} Qf2 $1 {[%csl LRb2,LRf1,LRg3][%cal Od8d1] ( -> ...Rd1!)} 40. Rxh5 {[#]} (40. Rg5+ Kh8) 40... Rd1 $1 {Black mates.} 41. Rg5+ Kf8 42. Qg1 Rxf1 43. Qxf1 Qxf1+ 44. Kh2 Qf2 {[%mdl 32768] Weighted Error Value: White=0.85/Black=0.18 (very precise) . An unexpected result.} 1/2-1/2

[Event "1st Guwahati GM Open 2022"]
[Site "Guwahati"]
[Date "2022.03.15"]
[Round "3.8"]
[White "Karthik Venkataraman"]
[Black "Arpan, Das"]
[Result "1-0"]
[WhiteElo "2485"]
[BlackElo "2155"]
[Annotator "TA"]
[PlyCount "49"]
[EventDate "2022.03.15"]
[EventCountry "IND"]
[SourceTitle "playchess.com"]
[Source "ChessBase"]
[SourceQuality "1"]

{[%evp 11,49,61,54,31,44,43,45,50,71,60,58,64,64,9,71,69,75,75,168,176,251,246,233,222,363,322,346,332,312,313,521,495,556,570,660,652,642,644,593,539]} 1. d4 Nf6 2. c4 e6 3. Nc3 c5 4. d5 exd5 5. cxd5 d6 6. e4 g6 7. Nge2 {A65: Modern Benoni: 6 e4.} Bg7 8. Ng3 h5 9. Be2 {White is slightly better.} h4 10. Nf1 h3 11. g3 O-O {[%cal Ob7b5] [#]} 12. Ne3 $146 ({White should play} 12. Bg5 $14) ({Predecessor:} 12. Bg5 Qa5 13. Nd2 Re8 14. O-O a6 15. a4 Qc7 16. Qc2 Nbd7 17. Nc4 Ne5 18. Nxe5 Rxe5 {1-0 (37) Braun,A (2609)-Burdalev,K (2394) Chess.com INT 2020}) 12... Re8 (12... b5 $1 $11 {remains equal.}) 13. f3 $36 {[%mdl 2048] White has the initiative.} a6 14. a4 {Inhibits b5.} Nh5 (14... Nbd7 $16 {keeps fighting.}) 15. Nc4 $18 f5 (15... Bd4 $142 16. Bh6 Qe7) 16. O-O {[%cal Be1g1,Bg1h1,Bh1h2,Bh2h3][%mdl 32]} Bd4+ 17. Kh1 f4 (17... Qe7 $142 18. Qd2 fxe4) 18. g4 Ng3+ 19. hxg3 fxg3 {[#]} 20. Rg1 g2+ (20... Qh4 21. Be3 (21. Nxd6 $2 Rf8 $19) 21... Bxe3 22. Nxe3 Qh6) 21. Kh2 {White is clearly winning.} Qf6 22. e5 Rxe5 23. Nxe5 Bxe5+ {[#]} 24. f4 $1 ({Worse is} 24. Kxh3 Qh8+ 25. Kxg2 Qh2+ 26. Kf1 Bd4 $11) 24... Bd4 25. Kxh3 {Weighted Error Value: White=0.08 (flawless) /Black=0.42} 1-0

[Event "1st Guwahati GM Open 2022"]
[Site "Guwahati"]
[Date "2022.03.15"]
[Round "3.9"]
[White "Imocha, Laishram"]
[Black "Raahul V S"]
[Result "0-1"]
[WhiteElo "2049"]
[BlackElo "2478"]
[Annotator "TA"]
[PlyCount "64"]
[EventDate "2022.03.15"]
[EventCountry "IND"]
[SourceTitle "playchess.com"]
[Source "ChessBase"]
[SourceQuality "1"]

{[%evp 22,64,0,0,12,-78,-14,-13,-12,-41,-33,-24,-32,-39,-27,-57,-25,-115,-114,-147,-150,-265,-250,-359,-354,-356,-358,-511,-507,-508,-502,-1117,-1165,-1171,-1170,-1508,-1453,-1317,-1306,-1297,-1262,-1239,-1206,-5481,-5281]} 1. d4 d5 2. Nf3 Nf6 3. g3 g6 4. Bg2 Bg7 5. O-O O-O 6. c4 c6 7. cxd5 cxd5 8. Ne5 Nc6 9. Nc3 e6 10. Nxc6 bxc6 11. Bf4 Nh5 12. Be3 Qd6 {[#] D79: Fianchetto Grünfeld: Symmetrical Variation (6 0-0 c6 7 cxd5 cxd5).} 13. g4 $146 (13. Bf3 $11 {keeps the balance.}) ({Predecessor:} 13. f4 f5 14. Rc1 Bb7 15. Na4 Rac8 16. Nc5 Ba8 17. Bf2 Nf6 18. h3 Rf7 19. Be1 Nd7 20. e3 Nxc5 21. Rxc5 Rb8 22. b4 {½-½ (22) Jungmichel,D (2090)-Reinke,T Mecklenburg VP 2003}) 13... Nf6 (13... Nf4 $17 14. h3 Nxg2 15. Kxg2 e5 16. dxe5 Bxe5) 14. h3 $11 Nd7 {The position is equal.} 15. g5 e5 16. dxe5 Qxe5 17. Qc1 $1 Nb6 (17... Qb8 $5 {[%cal Rd5d4]}) 18. Bc5 Re8 {White must now prevent ...d4.} (18... Rd8 $5 {[%cal Rd5d4]}) 19. f4 {[#]} (19. Rd1 $1 $11) 19... Qc7 $1 $17 20. Bf2 Bf5 {Black is more active.} 21. a4 (21. e3 $17) 21... Qd7 $19 22. Kh2 (22. Rd1 {keeps fighting.}) 22... d4 23. Nd1 Nd5 ({Not} 23... Rxe2 $2 24. Qxc6 Qxc6 25. Bxc6 $19) 24. Re1 {[#]} (24. e3 {might work better.}) 24... Nxf4 $1 {[%mdl 512] Black is clearly winning.} 25. Qxc6 Qe7 26. Qxa8 (26. Qf3 $142 Qxg5 27. Qg3 Qxg3+ 28. Bxg3 Nxg2 29. Kxg2) 26... Rxa8 27. Bxa8 Be5 {( -> ...Nd5+)} 28. Bg3 {[#]} Nxe2 $1 {[%mdl 512]} 29. Rxe2 (29. Ra3 d3) 29... Bxg3+ {[%mdl 64] Discovered Attack} 30. Kxg3 Qxe2 31. Bf3 Qf1 32. Ra3 Qg1+ {Weighted Error Value: White=1.02/Black=0.08 (flawless)} 0-1

[Event "1st Guwahati GM Open 2022"]
[Site "Guwahati"]
[Date "2022.03.15"]
[Round "3.10"]
[White "Mirzoev, Azer"]
[Black "Mohota, Nisha"]
[Result "1-0"]
[WhiteElo "2468"]
[BlackElo "2147"]
[Annotator "TA"]
[PlyCount "59"]
[EventDate "2022.03.15"]
[EventCountry "IND"]
[SourceTitle "playchess.com"]
[Source "ChessBase"]
[SourceQuality "1"]

{[%evp 9,59,16,20,26,20,13,95,35,25,36,98,85,83,100,91,98,89,95,87,71,103,94,114,116,123,126,161,187,180,163,239,246,226,178,245,239,821,311,321,310,864,849,1296,1225,1151,1129,1116,1105,1012,958,1108,1085]} 1. d4 d5 2. Nf3 e6 3. c4 a6 4. Nbd2 Nf6 5. g3 c5 6. Bg2 {D30: Queen's Gambit Declined: Systems without Nc3.} Nc6 7. O-O dxc4 {[#]} (7... Be7 $11) 8. Nxc4 ({Better is} 8. Ne5 $1 $16 {[%cal Re5c6]}) 8... cxd4 $14 9. Bf4 Be7 ({Black should try} 9... Bc5 $14) 10. Nfe5 $16 {[#]} Nd5 $146 ({Predecessor:} 10... Bd7 11. Nxd7 Nxd7 12. Nd6+ Bxd6 13. Bxd6 e5 14. f4 exf4 15. Bxc6 bxc6 16. Rxf4 Qb6 {1-0 (23) Garcia Fuentes,S (2134)-Quirke,J (2107) Chess.com INT 2021}) 11. Nxc6 bxc6 12. Qxd4 O-O 13. Rfd1 a5 14. Rac1 {White is much more active. Black has bad knights.} Bb7 15. Qd2 Ra6 16. Qc2 {Strongly threatening e4.} Qa8 17. Bd6 Re8 18. Bxe7 Rxe7 19. Nd6 Rb6 (19... Rd7 {keeps fighting.}) 20. e4 $18 Nf6 21. Rd2 {And now Qc5 would win.} Ba6 (21... h6 $142 22. Rcd1 Ba6) 22. Qc5 {[%csl LRa5,LRb6]} Nd7 {[#]} (22... Rb8 23. Qxa5 Bb7) 23. Qxa5 $2 (23. Nc8 $1 {[%mdl 512]} Re8 24. Nxb6 Nxc5 25. Nxa8) 23... Qb8 24. b3 e5 $2 (24... f6 25. Rcd1 Qc7) 25. Nf5 {White is clearly winning.} Kf8 26. Rcd1 Bc8 27. Nxe7 Kxe7 28. Bh3 {[%cal Rd2d7]} Rb7 29. Qa3+ Ke8 30. Rd6 {Weighted Error Value: White=0.26 (precise) /Black=0.31} 1-0

[Event "1st Guwahati GM Open 2022"]
[Site "Guwahati"]
[Date "2022.03.15"]
[Round "3.11"]
[White "Kumar, Gaurav"]
[Black "Tahbaz, Arash"]
[Result "1-0"]
[WhiteElo "2025"]
[BlackElo "2469"]
[Annotator "TA"]
[PlyCount "91"]
[EventDate "2022.03.15"]
[EventCountry "IND"]
[SourceTitle "playchess.com"]
[Source "ChessBase"]
[SourceQuality "1"]

{[%evp 14,91,18,12,27,12,8,10,10,10,10,0,54,0,14,-38,-16,-72,-31,-73,-80,-98,-110,-109,-112,-139,-143,-134,-29,-31,-33,-49,-35,-26,-22,-30,-32,-58,-61,-88,-41,-17,-36,-137,-128,-128,-98,-133,-137,-145,-110,-246,-228,-260,-228,-275,-178,-160,-170,-180,-156,-192,0,-50,0,0,0,0,0,0,0,0,29990,29991,29991,29990,29990,29991,29991,29992]} 1. e4 g6 2. d4 Bg7 3. Nf3 d6 4. Bc4 Nf6 5. Qe2 O-O 6. e5 dxe5 7. dxe5 Nd5 8. O-O c6 {B06: Modern Defence.} 9. Nbd2 b5 10. Bb3 a5 {[#] The position is equal.} 11. a4 $146 ({Predecessor:} 11. c4 Nc7 12. Rd1 a4 13. Ne4 Qe8 14. Bc2 bxc4 15. Qxc4 Be6 16. Qd4 Nd7 17. Neg5 {1-0 (45) Promyshlyanskiy,V (2073)-Mittag,R (2017) Playchess.com INT 2020}) 11... b4 12. Re1 Na6 (12... e6 $11) 13. Ne4 ({White should try} 13. Qc4 $14) 13... Bg4 {[%cal Og7e5]} 14. c4 (14. Neg5 $11) 14... bxc3 15. Nxc3 (15. bxc3 $11 Qc7 16. Bc4) 15... Nc5 ({Better is} 15... e6 $1 $17) 16. Bc4 (16. Bxd5 $15 {deserves consideration.} cxd5 17. Be3) 16... e6 $17 17. Ne4 {[#]} Nd7 18. Bg5 Qb6 19. Bxd5 {And now Ba2 would win.} cxd5 20. Nf6+ Nxf6 (20... Bxf6 $17 21. exf6 Bxf3 22. gxf3 Rab8) 21. exf6 $11 Bh8 22. Rab1 Rfc8 {[%cal Oh7h6]} 23. h3 $1 Bxf3 24. Qxf3 Rc2 25. Be3 Qb4 26. Rbd1 Rc4 {Prevents Bd4.} (26... Rxb2 $17 {Hoping for ...Qc3.} 27. Bd4 Ra2) 27. Bh6 $15 {[%cal Oe1e6]} Rc6 (27... Qxb2 $2 {[#]} 28. Rxe6 $3 {[%mdl 512]} Rcc8 29. Rd6 $18 (29. Qxd5 Bxf6 30. Rd6 Qe5 $14)) (27... Qxa4 $2 28. b3 Qa3 29. Ra1 $18) 28. Be3 (28. g4 $1 $15) 28... Qxb2 $17 29. Bd4 Qb4 30. Be5 Qxa4 31. Ra1 Qh4 32. Rab1 (32. Qb3 $17) 32... a4 $19 33. Rb7 Qg5 34. Rb4 Rc1 35. Rxc1 Qxc1+ 36. Kh2 Qc2 37. Qe3 Rc8 $2 (37... h5 $19 {aiming for ...a3.} 38. Qb6 Qc8) 38. f4 (38. Qa7 $11 h6 39. f4) 38... h6 (38... Ra8 $1 $15 39. Bc3 Qf5) 39. Qa7 $11 g5 40. Rxa4 Qg6 41. Qd7 $36 {[%mdl 2048] White is pushing.} Rf8 42. Qe7 {[%cal Oe7f8] White threatens Qxf8+! and mate.} g4 $2 {[%mdl 8192] [#]} (42... Rc8 $11) 43. Qxf8+ $1 {[%mdl 512] White mates.} Kh7 44. hxg4 Bxf6 45. Ra7 Bxe5 46. fxe5 {What a bad dream for Black.  Weighted Error Value: White=0.24 (precise) /Black=0.35} 1-0

[Event "1st Guwahati GM Open 2022"]
[Site "Guwahati"]
[Date "2022.03.15"]
[Round "3.12"]
[White "Krishna C R G"]
[Black "Arindam, Mukherjee"]
[Result "1-0"]
[WhiteElo "2466"]
[BlackElo "2073"]
[Annotator "TA"]
[PlyCount "42"]
[EventDate "2022.03.15"]
[EventCountry "IND"]
[SourceTitle "playchess.com"]
[Source "ChessBase"]
[SourceQuality "1"]

{[%evp 13,42,25,40,46,45,38,42,48,47,26,127,132,127,108,100,111,117,95,112,43,116,121,195,195,226,237,392,397,399,373,541]} 1. d4 d5 2. c4 e6 3. Nf3 Nf6 4. g3 Be7 5. Bg2 O-O 6. O-O Nbd7 7. Qc2 c5 8. Rd1 {E08: Closed Catalan: Main Line: 7 Qc2.} b6 9. cxd5 exd5 10. Nc3 {White is slightly better.} Bb7 11. Bf4 c4 {[#]} (11... Rc8 $11) 12. Ne5 $1 $16 Rc8 {[#]} 13. Qf5 $146 ({Predecessor:} 13. Qa4 a6 14. Nxd7 Nxd7 15. Nxd5 b5 16. Qc2 Bxd5 17. Bxd5 Qb6 18. Bg2 Bf6 19. Be3 {0-1 (55) Keyser,R (2026)-Weyrich,M (2273) Germany 2018}) 13... g6 14. Qh3 {White is much more active.} Nb8 15. Rac1 a6 16. a4 (16. a3 $16) 16... Nh5 (16... Nc6 $14) 17. Bh6 Ng7 {[#]} (17... Re8 $16 {is a better defense.} 18. g4 Ng7) 18. Ng4 $1 $18 Rc7 19. Bf4 h5 $2 (19... Rc8 {keeps fighting.} 20. Ne3 Ne6) 20. Bxc7 Qxc7 21. Ne3 Rd8 {Weighted Error Value: White=0.07 (flawless) /Black=0.44} (21... b5 {was called for.} 22. Nexd5 Bxd5 23. Nxd5 Qd8) 1-0

[Event "1st Guwahati GM Open 2022"]
[Site "Guwahati"]
[Date "2022.03.15"]
[Round "3.13"]
[White "Gaikwad, Siddhant"]
[Black "Das, Sayantan"]
[Result "0-1"]
[WhiteElo "2016"]
[BlackElo "2459"]
[Annotator "TA"]
[PlyCount "90"]
[EventDate "2022.03.15"]
[EventCountry "IND"]
[SourceTitle "playchess.com"]
[Source "ChessBase"]
[SourceQuality "1"]

{[%evp 15,90,12,16,-20,29,27,58,45,60,58,68,49,51,0,0,0,-16,-39,-27,-44,-37,-91,-95,-191,-196,-188,-185,-226,-234,-226,-207,-266,-250,-317,-317,-352,-354,-427,-460,-561,-546,-605,-500,-406,-391,-393,-371,-471,-478,-788,-788,-1053,-1022,-960,-921,-795,-788,-1177,-1136,-6629,-6649,-4602,-3822,-29978,-29978,-29978,-29979,-29979,-29980,-29978,-29981,-29981,-29982,-29982,-29983,-29979,0]} 1. e4 e6 2. d4 d5 3. Nd2 Be7 4. Ngf3 Nf6 5. e5 Nfd7 6. Bd3 c5 7. c3 Nc6 8. O-O a5 {[%cal Ba7a5,Ba5a4][%mdl 32]} 9. Qe2 {C06: French Tarrasch: 3...Nf6 4 e5 Nfd7 5 Bd3 main lines.} Qb6 (9... cxd4 {feels stronger.} 10. cxd4 g5) 10. dxc5 $1 $11 Nxc5 11. Bc2 {[#] White is slightly better.} Qc7 $146 {[%cal Ob7b5]} ({Predecessor:} 11... a4 12. Re1 Qc7 13. Nf1 b6 14. Ng3 Ba6 15. Qe3 Bc4 16. Nh5 g6 17. Ng3 h6 {1-0 (32) Zuberec,M (2130)-Pekar,K (2166) Slovakia 2004}) 12. Nb3 a4 13. Nbd4 b6 {[%cal Bb7b6,Bb6c5][%mdl 32]} 14. Nb5 (14. Re1 $14) 14... Qd7 $1 15. Be3 O-O 16. b4 axb3 $1 17. axb3 Ba6 18. Bxc5 (18. c4 $15) 18... bxc5 $17 ({Much weaker is} 18... Bxb5 $6 19. Qxb5 bxc5 20. Qe2 $11 (20. Qd3 g6 $15)) 19. c4 (19. Bd3 $17) 19... Bxb5 $19 20. cxb5 Nb4 21. Rxa8 (21. Bd3 $142) 21... Rxa8 22. Bb1 Rb8 23. Nd2 Qxb5 24. Qg4 Nc6 25. f4 Qb4 26. Nf3 Nd4 27. Ng5 Bxg5 28. Qxg5 g6 29. h4 Qb6 30. h5 Qd8 31. Qg4 Rxb3 32. hxg6 (32. Kh2 $142 Kg7 33. Rc1) 32... hxg6 33. Bxg6 {[#]} Rg3 $3 {[%cal Bb3g3,Bg3g6,Bg6g7][%mdl 544]} 34. Bxf7+ Kxf7 35. Qh5+ Rg6 36. f5 Nxf5 {Strongly threatening ...c4.} 37. Rxf5+ exf5 38. Qh7+ Rg7 39. e6+ Kf6 {Black mates.} 40. Qh4+ Rg5 41. Qh6+ Ke5 42. Kf2 Qf6 43. e7 Qxe7 44. Qh8+ Ke6 45. Qc8+ Ke5 $2 {[%mdl 32768] Weighted Error Value: White=0.83/Black=0.07 (flawless) . Sensor Board Error (Ke4/e5)?} (45... Kf6 {mates} 46. Qh8+ Kf7 47. g3 c4 48. Qb8 c3 49. Qh8 Qc5+ 50. Ke2 c2 51. Qh7+ Rg7 52. Qh5+ Ke7 53. Qh6 {[#]} c1=Q $1 {[%mdl 512]} 54. Qxg7+ Kd8 55. Qh8+ Kc7 56. Qe5+ Kb7 57. Qg7+ Kb6 58. Qf6+ Kb5 59. Qc3 Q5xc3 60. Kf2 Q1e1+ 61. Kg2 Qcxg3#) 0-1